Statystyki dla White 2115 - piosenki

Kliknij tutaj aby rozwiązać quiz!

Ogólne statystyki

  • Ten quiz został rozwiązany 1 134 razy
  • Średni wynik to 7 z 20

Statystyki odpowiedzi

WyświetleniaNazwa piosenki% Poprawnych
39 mlnCalifornia
97%
4,6 mlnPopstar/rockstar
66%
7 mlnRockstar
65%
18 mlnLa vida loca
63%
21 mlnNowi kumple
61%
8,3 mlnNoc
59%
6,7 mlnSen
48%
2,6 mlnJaki ojciec taki syn
42%
4,9 mlnCry baby
38%
4,8 mlnSos mula
35%
2,3 mlnKurt cobain
33%
2,1 mlnBlabla
20%
1,5 mlnNie ma boga
19%
2,1 mlnKimś
16%
14 mlnBez moich braci
14%
11 mlnCzarownica
10%
7,1 mlnAbcd
9%
4 mlnDi maria
9%
7,8 mlnNic za darmo
8%
4,4 mlnMłody tarzan
4%

Rozkład punktacji

Percentyl według liczby udzielonych odpowiedzi

Procent ludzi z każdym wynikiem

Twoja historia wyników

Nie rozwiązałeś tego quizu